00725nam a2200181 i 450000100060000000300090000600500170001500700030003200800410003510000580007624501440013426000320027830000210031070000410033185200320037299900170040495201220042138519ES-MaACL20230906155755.0t|030225s1972 sp ||||1| spa d1 aCámara, Helder cArzobispo de Olinda-Recife.93398313aHelder Cámara responde a Ulrich Stockmann b: la revolución de los violentos / cHelder Cámara ; tradujo: José L. Dominguez Villar. aPamplona : bDinor, c1972. a83 p. ; c18 cm.1 aDomínguez Villar, José L.945255 aES-MaACLjC-52642 bR.82776 c38519d38519 00104070aATENEOMbATENEOMcDEPO2d2008-01-17eSCl0oC-52642p1040553r2023-02-23 00:00:00w2023-02-23yMONOGRAFIA